| 000 | 00915nam a22003257a 4500 | ||
|---|---|---|---|
| 003 | OSt | ||
| 008 | 140419b xxu||||| |||| 00| 0 eng d | ||
| 100 | 1 | _aStanley Gibbons Ltd | |
| 041 | _aeng | ||
| 245 | 1 | 0 | _aStanley Gibbons stamp catalogue. Part 17. China |
| 260 |
_aLondon ; Ringwood, [England] _bGibbons, Stanley, Publications Ltd. |
||
| 300 | _a302 pages | ||
| 650 | 0 | _aChina | |
| 650 | 0 | _aFormosa | |
| 650 | 0 | _aChina, People's Republic of (1949-) | |
| 650 | 0 | _aRepublic of China | |
| 650 | 0 | _aTaiwan | |
| 650 | 0 | _aTibet | |
| 650 | 0 | _aHong Kong | |
| 650 | 0 | _aChina, People's Republic of (1949-) -- Hong Kong (1997-) | |
| 650 | 0 | _aOffices in China | |
| 650 | 0 | _aOffices in Korea | |
| 650 | 0 | _aOffices Abroad | |
| 650 | 0 | _aManchukuo | |
| 650 | 0 | _aJapan | |
| 650 | 0 | _aOccupation of China | |
| 650 | 0 | _aMacao (1884-) | |
| 650 | 0 | _aCatalogs and Price Lists Type Book | |
| 942 | _e5th edition | ||
| 999 |
_c525 _d525 |
||